Sei arrivata troppo tardi /

Saved in:
Bibliographic Details
Main Author: Wings, Mary (Author)
Format: Book
Language:Italian
Published: Forli : Zoe, [2002]
Tags: Add Tag
No Tags, Be the first to tag this record!

MARC

LEADER 00000nam a22000007i 4500
001 IT\ICCU\UBO\2165059
003 ItRI
005 20260226161946.0
008 030412s2002 it |||||| ||||| |||||c
020 |a 8886865287 
040 |b ita  |c importazione bologna sebina 
041 7 |a ita  |2 ISO-639-2 
100 1 |a Wings, Mary  |0 IT\ICCU\UBOV\780143  |4 aut 
240 1 0 |a She came too late.  |9 Wings, Mary 
245 1 0 |a Sei arrivata troppo tardi /  |c Mary Wings. 
260 |a Forli :  |b Zoe,  |c [2002] 
300 |a 217 p. ;  |c 20 cm. 
942 |2 ddc  |c BK  |n 0 
952 |0 0  |1 0  |2 ddc  |4 0  |6 813_500000000000000_WIN_SEI  |7 0  |9 10016  |a GE  |b GE  |d 2025-12-02  |l 0  |o 813.5 WIN SEI  |p 11588  |r 2025-12-02 16:51:36  |w 2025-12-02  |y BK  |z Donazione di Toschi Barbara  
952 |0 0  |1 0  |4 0  |6 L_813_500000000000000_WIN  |7 0  |9 18023  |a BO  |b BO  |d 2026-01-15  |i 19049  |l 0  |o L 813.5 WIN  |p BO19049  |r 2026-01-15 23:19:51  |w 2026-01-15  |x [Sebina 7] [1 v.]  |y BK  |z 1 v. 
952 |0 0  |1 0  |4 0  |6 L_813_540000000000000_WIN  |7 0  |9 18024  |a BO  |b BO  |d 2026-01-15  |i 7325  |l 0  |o L 813.54 WIN  |p BO7325  |r 2026-01-15 23:19:51  |w 2026-01-15  |x [Sebina 5] [1 v.]  |y BK  |z 1 v. 
952 |0 0  |1 0  |4 0  |6 L_813_500000000000000_WIN  |7 0  |9 18025  |a BO  |b BO  |d 2026-01-15  |i 20084  |l 0  |o L 813.5 WIN  |p BO20084  |r 2026-01-15 23:19:51  |w 2026-01-15  |x [Sebina 5] [1 v.]  |y BK  |z 1 v. (2. copia) 
952 |0 0  |1 0  |4 0  |6 L_813_500000000000000_WIN  |7 0  |9 18026  |a BO  |b BO  |d 2026-01-15  |i 19050  |l 0  |o L 813.5 WIN  |p BO19050  |r 2026-01-15 23:19:51  |w 2026-01-15  |x [Sebina 7] [1 v.]  |y BK  |z 1 v. 
999 |c 15313  |d 15313